| 000 | 01111nam a2200289 a 4500 | ||
|---|---|---|---|
| 008 | 951027s1990||||[C 0 slo c | ||
| 020 |
_a8021701005 _c200 Kčs. _q(15000 výtl.) |
||
| 040 |
_aSNK _bslo _cSNK _eAACR2 |
||
| 041 | 1 |
_aslo _hslo |
|
| 044 |
_axo _cSK |
||
| 080 | _a728.8(437)(084.12) | ||
| 245 | 1 | 0 |
_aHrady a zámky v Československu _bPremeny slohov a životného štýlu ; Dalibor Kusák, Jiří Burian, Eva Križanová, Ivan Muchka, Dalibor Kusák, Jiří Kuthan, Karel Plicka, Vilém Reichmann, Michal Houba |
| 250 | _a1., vyd. | ||
| 260 |
_aMaritn _bOsveta _c1990 _eMartin _fTlačiarne SNP |
||
| 300 |
_a384 s., 68,55 AH _bFot. _c30 cm |
||
| 500 | _aRes. rus., nem., angl., franc. a špan. Spoluvyd. Nakl. Panoráma v Prahe. Ilustr. na front. a predsádkach. | ||
| 700 | 1 |
_aKusák, Dalibor _4aut |
|
| 700 | 1 |
_aBurian, Jiří _4aut |
|
| 700 | 1 |
_aKrižanová, Eva _4aut |
|
| 700 | 1 |
_aMuchka, Ivan _4aut |
|
| 700 | 1 |
_aKusák, Dalibor _4bkd |
|
| 700 | 1 |
_aKuthan, Jiří _4bkd |
|
| 700 | 1 |
_aPlicka, Karel _4bkd |
|
| 700 | 1 |
_aReichmann, Vilém _4bkd |
|
| 700 | 1 |
_aHouba, Michal _4bkd |
|
| 958 | _aA | ||
| 999 |
_c14994 _d14994 |
||